Sports Quiz

Random Sports or Baseball Quiz
Score 0/11 Timer 02:00
1 Play Today
% Correct
Ty Cobb
92.1%
Ty Cobb
92.1%
Ty Cobb
92.1%
Tony Gwynn
80.1%
Tony Gwynn
80.1%
Miguel Cabrera
67.7%
Wade Boggs
67.6%
Honus Wagner
65.7%
Rod Carew
58.7%
Rogers Hornsby
55.3%
Stan Musial
52.1%

You're not logged in!

Compare scores with friends on all Sporcle quizzes.
OR
Log In

Sporcle TV

Today on Sporcle TV


Watch our educational content, quiz creation guides, and fun videos on Sporcle TV.

Show Comments

Extras

Top Quizzes Today


Score Distribution

Paid Content

Your Account Isn't Verified!

In order to create a playlist on Sporcle, you need to verify the email address you used during registration. Go to your Sporcle Settings to finish the process.

Report this User

Report this user for behavior that violates our Community Guidelines.

Details: